Fundamentals of computers / (Record no. 42470)

MARC details
000 -LEADER
fixed length control field 00718nam a22002297a 4500
005 - DATE AND TIME OF LATEST TRANSACTION
control field 2010081807217.0
010 ## - LCCN (DPL NO)
LC control number ENG-100884
020 ## - INTERNATIONAL STANDARD BOOK NUMBER
International Standard Book Number 9788120340114
Terms of availability 225.00
035 ## - SYSTEM CONTROL NUMBER
System control number EN-84417
037 ## - SOURCE OF ACQUISITION
Source of stock number/acquisition DBAD/PUB
082 ## - DEWEY DECIMAL CLASSIFICATION NUMBER
Classification number 004
100 ## - MAIN ENTRY--PERSONAL NAME
Personal name Rajaraman, V.
245 ## - TITLE STATEMENT
Title Fundamentals of computers /
Statement of responsibility, etc by V. Rajaraman
250 ## - EDITION STATEMENT
Edition statement 5th ed.
260 ## - PUBLICATION, DISTRIBUTION, ETC. (IMPRINT)
Place of publication, distribution, etc New Delhi
Name of publisher, distributor, etc PHI Learning
Date of publication, distribution, etc 2010
270 ## - ADDRESS
Address M-97, Connaught Circus
City New Delhi
Postal code 110001
300 ## - PHYSICAL DESCRIPTION
Extent xiii,438p.:
Other physical details ill.
Dimensions 24cm (pbk)
500 ## - GENERAL NOTE
General note includes index
650 ## - SUBJECT ADDED ENTRY--TOPICAL TERM
Topical term or geographic name as entry element Computer
942 ## - ADDED ENTRY ELEMENTS (KOHA)
Source of classification or shelving scheme Dewey Decimal Classification
Item type English Books
Classification part 004
Call number suffix RAJ
Holdings
Withdrawn status Lost status Not for loan Collection code Home library Current library Date acquired Source of acquisition Cost, normal purchase price Full call number Barcode Copy number Cost, replacement price Koha item type
      Non-fiction Bawana Bawana 18/08/2010 DBAD?PUB 225.00 004 RAJ EN-84417 1 225.00 English Books

© Delhi Public Library
Hit Counter
free hit counter